| 000 | 01492cab a2200589 4500 | ||
|---|---|---|---|
| 001 | ABS41770 | ||
| 008 | 090401t1989 xxu||||| |||| 00| 0 eng d | ||
| 035 | _a(Sirsi) u32350 | ||
| 041 | _aeng | ||
| 245 | 4 | _aThe London boroughs | |
| 260 | _c1989 | ||
| 350 | _a0 | ||
| 490 |
_aEstates Times _vSupplement November 1989, 82 pages (Loan) |
||
| 520 | _aThis special supplement examines the Government`s strategic planning guidelines for London , before going on to review office , retail and industrial development in each of the boroughs. | ||
| 650 | _aBARKING | ||
| 650 | _aBARNET | ||
| 650 | _aBEXLEY | ||
| 650 | _aBRENT | ||
| 650 | _aBROMLEY | ||
| 650 | _aCAMDEN | ||
| 650 | _aCHELSEA | ||
| 650 | _aCROYDON | ||
| 650 | _aEALING | ||
| 650 | _aENFIELD | ||
| 650 | _aFULHAM | ||
| 650 | _aGREENWICH | ||
| 650 | _aHACKNEY | ||
| 650 | _aHAMMERSMITH | ||
| 650 | _aHARINGEY | ||
| 650 | _aHARROW | ||
| 650 | _aHAVERING | ||
| 650 | _aHILLINGDON | ||
| 650 | _aHOUNSLOW | ||
| 650 | _aISLINGTON | ||
| 650 | _aKENSINGTON | ||
| 650 | _aKINGSTON | ||
| 650 | _aLAMBETH | ||
| 650 | _aLEWISHAM | ||
| 650 | _aMARKET | ||
| 650 | _aMERTON | ||
| 650 | _aNEWHAM | ||
| 650 | _aREDBRIDGE | ||
| 650 | _aRICHMOND | ||
| 650 | _aSOUTHWARK | ||
| 650 | _aSUTTON | ||
| 650 | _aTOWER HAMLETS | ||
| 650 | _aWALTHAM FOREST | ||
| 650 | _aWANDSWORTH | ||
| 690 | _aPROPERTY-COMMERCIAL PROPERTY-COMMERCIAL PROPERTY MARKET | ||
| 942 | _n0 | ||
| 948 | _c04/03/1997 | ||
| 999 |
_c21698 _d21698 |
||